| 000 | 00976nam a2200229 a 4500 | ||
|---|---|---|---|
| 001 | 000037290 | ||
| 005 | 20200930080252.0 | ||
| 008 | 120321s1993 sp 001 0 spa d | ||
| 020 | _a8486839467 | ||
| 040 |
_aDO-SdBNP _bspa _cBNPHU |
||
| 041 | 1 | 7 |
_aspa _balem _2fre |
| 245 | 0 | 0 |
_aCiudad y comunidad cívica en Hispania : _bsiglos II y III d.C. = Cité et communauté civique en Hispania / _ccontributions de, Javier Arce ... et al. |
| 246 | 1 | 3 | _aCité et communauté civique en Hispania |
| 260 |
_aMadrid : _bConsejo Superior de Investigaciones Científicas, (España), _c1993. |
||
| 300 |
_a218 p. ; _c25 cm. |
||
| 490 | 1 |
_aCasa de Velázquez ; _v40 |
|
| 500 | _aactes du colloque organisépar la Casa de Velázquez et par le Consejo Superior de Investigaciones Científicas, Madrid, 25-27 janvier 1990 | ||
| 500 | _aIncluye índice | ||
| 546 | _aTextos en : Francé, alemán y español | ||
| 710 | 2 |
_aCasa de Velázquez. _963727 |
|
| 830 | 0 |
_aCasa de Velázquez ; _963728 |
|
| 999 |
_c36780 _d36780 |
||